Fútbol Argentino 2024 - Nacionalidades - Estadísticas

Estadísticas generales
  • Esta prueba ha sido intentada 513 veces
  • La puntuación promedio es 12 de 15
Estadísticas de respuestas
Cantidad País % Correcto
23 Colombia
99%
41 Uruguay
99%
12 (2) Chile
96%
23 Paraguay
95%
1 Brasil
94%
2 Perú
91%
3 (1) Ecuador
90%
1 España
89%
1 Venezuela
88%
1 México
84%
1 Estados Unidos
80%
1 (1) Italia
66%
1 (1) Armenia
41%
1 Japón
40%
1 (1) Siria
24%
No se encontraron pruebas coincidentes
Distribución de puntuación
Porcentaje de gente con cada puntuación
Porcentaje por número respondido
Historial de tus puntuaciones
No has intentado esta prueba.